Malaysian footwear exporters 2000-2001.
| Format: | Book |
|---|---|
| Published: |
Kuala Lumpur:
MATRADE,
2000.
|
| Subjects: |
| LEADER | 00482cam a2200145 7i4500 | ||
|---|---|---|---|
| 001 | 0000008612 | ||
| 005 | 20010104090000.0 | ||
| 090 | 0 | 0 | |a MAT 391.413025 |b MAL M 391.413025 MAL |
| 090 | 0 | 0 | |a P 391.413025 |b MAL |
| 245 | 0 | 0 | |a Malaysian footwear exporters 2000-2001. |
| 260 | 0 | 0 | |a Kuala Lumpur: |b MATRADE, |c 2000. |
| 300 | # | # | |a 116 p. |
| 650 | 0 | 0 | |a Footwear -- |x Exporters -- |x Directories -- |z Malaysia |
| 651 | 0 | 0 | |a Malaysia |
| 999 | |a 0000011998 |b Directories |c Malaysia |e Business Information Centre | ||